| 000 | 00715nam a2200217Ii 4500 | ||
|---|---|---|---|
| 003 | JO-AjNU | ||
| 008 | 230605s9999||||xx |||||||||||||| ||und|| | ||
| 017 | _a1993/8625 | ||
| 040 |
_aJO-AjNU _bara _erda _cJO-AjNU |
||
| 041 | _aara | ||
| 050 | 1 | 4 | _aJA83.D3312.1993 |
| 100 | 3 |
_aأ.دال ،روبرت ؛ ترجمة ابو زيد ،علا؛ مراجعة هلال ،على الدين , _eauthor _935555 |
|
| 245 | 0 | 0 | _aالتحليل السياسي الحديث |
| 250 | _aط1 | ||
| 264 | 3 | 1 | _aالقاهرة :مركز الأهرام ،1993 |
| 300 | _a204ص | ||
| 336 |
_atext _btxt _2rdacontent |
||
| 337 |
_aunmediated _bn _2rdamedia |
||
| 338 |
_avolume _bnc _2rdacarrier |
||
| 650 | 4 |
_aالسياسة _935556 |
|
| 999 |
_aA14691 _c18259 _d18259 |
||